| 000 | 00631nam a22001937a 4500 | ||
|---|---|---|---|
| 999 |
_c171620 _d171620 |
||
| 005 | 20200116145238.0 | ||
| 010 | _aB-208862 | ||
| 020 |
_c100.00 _a8182231949 |
||
| 035 | _aB-208862 | ||
| 037 | _bDBAD/PUB | ||
| 082 | _a841 | ||
| 100 | _aرام تیرتھ جوشی ساقی | ||
| 245 |
_aاعجاز ے غزل / _cرام تیرتھ جوشی ساقی |
||
| 246 |
_aAjaz-E-Ghazal (Urdu) / _bby Ram Tirath Joshi Saqi |
||
| 260 |
_aDelhi _c2006 ء _bEducational Publishing House |
||
| 270 |
_a3108, Vakil Street, Kucha Pandit, Lal Kuan _bDelhi _e6 |
||
| 300 |
_a120p. _c22cm(Hb) |
||
| 942 |
_2ddc _cUR _h841 _mج و ش |
||